| 000 | 00936 a2200205 4500 | ||
|---|---|---|---|
| 003 | Nust | ||
| 005 | 20230310110145.0 | ||
| 010 | _a 80024846 | ||
| 020 | _a0913232602 (pbk.) : | ||
| 040 | _cNust | ||
| 082 | 0 | 0 | _a372.4144,WOR |
| 245 | 0 | 0 |
_aWords / _cedited by Mark Soppeland. |
| 260 |
_aLos Altos, Calif. : _bW. Kaufmann, _cc1980. |
||
| 300 |
_avi, 146 p. : _bchiefly ill. ; _c17 x 25 cm. |
||
| 505 | _aWords about Words: Their Nature and Manipulation (Page-1), Words that Characterize The Status of Things (Page-19), Words of Substance: the Material World (Page-43), World in our Midst: Food, Clothing, and Every day Object (Page-61) Words that Live: Plants, Animals and People (Page-79), Words of Action and Changes (Page-99), A grab Bag of Words : Morning to Night (Page-125). | ||
| 650 | 0 |
_aDecoration and ornament. _932790 |
|
| 650 | 0 |
_aWords in art. _9110136 |
|
| 700 | 1 |
_aSoppeland, Mark, _d1952- _9110137 |
|
| 942 |
_2ddc _cBK |
||
| 999 |
_c185870 _d185870 |
||